000 00537nam a22001697a 4500
003 NUST
005 20260325154123.0
008 260325b ||||| |||| 00| 0 eng d
020 _a 978-0387488561
082 _a333.7315097
_bMAC
100 _a Gregg Macey, Jonathan Z. Cannon.
_9133751
245 _aReclaiming the Land: Rethinking Superfund Institutions, Methods and Practices /
_cGregg Macey, Jonathan Z. Cannon.
260 _aNew York:
_bSpringer,
_c2007.
300 _a323 p ;
_c29.8 cm
563 _aHardcover
942 _2ddc
_cBK
999 _c616709
_d616709